000 00881nam a22002417a 4500
999 _c65013
_d65013
005 20240530110802.0
008 190212s2018 ua f 000 |dara d
017 _a2016/23744
_bمصر. دار الكتب
020 _a9789779208817
040 _aEG-CaGPL
_cEG-CaGPL
082 0 4 _221
_a701 /
_bر م
100 1 _aروهولت، تايجر س.
245 1 2 _aالمفاهيم الاساسية فى فلسفة الفن /
_cتاليف تايجر س. روهولت ؛ ترجمة عبده الريس
250 _aط.1
260 _aالقاهرة :
_bالمركز القومى للترجمة ،
_c2018.
300 _a209 ص. ؛
_c24 سم.
490 0 _aالمركز القومى للترجمة ؛
_v2967.
650 0 7 _2qrmak
_aالفن
_xفلسفة
651 _2qrmak
700 0 _aعبده الريس
_eمترجم
942 _2ddc
_cBK